Pays traversés par le Danube - Mort Subite - Statistiques

Statistiques générales
  • Ce quiz a été pris 99 fois
  • Le résultat moyen est 5 sur 10
Answers on the Grid
Answers color-coded by a green-red scale on the quiz's grid according to % correct below.
Autriche
Hongrie
Allemagne
Roumanie
Slovaquie
Bulgarie
Serbie
Ukraine
Croatie
Moldavie
Biélorussie
Pologne
Tchéquie
Slovénie
Bosnie-Herzégovine
Suisse
Liechtenstein
Albanie
 
Statistiques - réponses
Réponse % Correct
Hongrie
73%
Autriche
64%
Allemagne
59%
Roumanie
58%
Serbie
49%
Slovaquie
49%
Bulgarie
41%
Croatie
27%
Ukraine
23%
Moldavie
15%
Aucun quiz correspondant
Distribution des résultats
% des personnes avec chaque résultat
Percentile par nombre de réponses
Votre historique - résultats
Vous n’avez pas pris ce quiz